LEADER 00864nam0-22002891i-450- 001 990005388650403321 005 20051006120305.0 035 $a000538865 035 $aFED01000538865 035 $a(Aleph)000538865FED01 035 $a000538865 100 $a19990604d1961----km-y0itay50------ba 101 0 $aeng 105 $af-------00--- 200 1 $a<>Origins of Greek Civilization 1100-650 B.C.$fby Chester G. Starr 210 $aLondon$cJonathan Cape$dc.1961 215 $aXIV, 385 p., 24 tav. f.t.$d23 cm 610 0 $aCIVILTÀ GRECA$aOrigini 676 $a938.01$v21$zita 700 1$aStarr,$bChester G.$0164232 801 0$aIT$bUNINA$gRICA$2UNIMARC 901 $aBK 912 $a990005388650403321 952 $a938.01 STA 1$bARCH. 10423$fFLFBC 959 $aFLFBC 996 $aOrigins of Greek Civilization 1100-650 B.C$9595414 997 $aUNINA LEADER 01274nam2-2200385---450 001 990005700860203316 005 20190403125010.0 035 $a000570086 035 $aUSA01000570086 035 $a(ALEPH)000570086USA01 035 $a000570086 100 $a20061128d1998----|||y0itaa50------ba 101 $aspa$alat 102 $aes 105 $a0 00||| 200 1 $a<<4.: >> Historia de Felipe 2., Rey de Espana$fJuan Ginés de Sepulveda$gedicion critica. traduccion y estudio filologico de Bartolome Pozuelo Calero$gestudios historico de Jose Ignacio Fortea Perez 210 $aPozoblanco$cExcmo$d1998 215 $aCLVII, 130 p.$d24 cm. 461 0$1001000570081$12001$aObras completas$v4 620 $dPOZOBLANCO 676 $a946.04 700 1$aSEPULVEDA,$bJuan Ginés : de$0386940 702 1$aPOZUELO CALERO,$bBartolome 702 1$aFORTEA PEREZ,$bJose Ignacio 801 0$aIT$bSA$c20111219 912 $a990005700860203316 950 0$aDipar.to di Filosofia - Salerno$dDFAA 946.04 SEP$e8213 FIL 951 $aAA 946.04 SEP$b8213 FIL 959 $aBK 969 $aFIL 979 $c20121027$lUSA01$h1526 979 $c20121027$lUSA01$h1615 996 $aHistoria de Felipe 2., Rey de Espana$91083856 997 $aUNISA NUM $aSA0018752 LEADER 04648nam 22008175 450 001 9910983035003321 005 20250201135219.0 010 $a9783031778476 010 $a3031778472 024 7 $a10.1007/978-3-031-77847-6 035 $a(CKB)36679817500041 035 $a(MiAaPQ)EBC31806112 035 $a(Au-PeEL)EBL31806112 035 $a(DE-He213)978-3-031-77847-6 035 $a(OCoLC)1474243268 035 $a(EXLCZ)9936679817500041 100 $a20241126d2025 u| 0 101 0 $aeng 135 $aur||||||||||| 181 $ctxt$2rdacontent 182 $cc$2rdamedia 183 $acr$2rdacarrier 200 14$aThe Semantic Web ? ISWC 2024 $e23rd International Semantic Web Conference, Baltimore, MD, USA, November 11?15, 2024, Proceedings, Part III /$fedited by Gianluca Demartini, Katja Hose, Maribel Acosta, Matteo Palmonari, Gong Cheng, Hala Skaf-Molli, Nicolas Ferranti, Daniel Hernández, Aidan Hogan 205 $a1st ed. 2025. 210 1$aCham :$cSpringer Nature Switzerland :$cImprint: Springer,$d2025. 215 $a1 online resource (370 pages) 225 1 $aLecture Notes in Computer Science,$x1611-3349 ;$v15233 311 08$a9783031778469 311 08$a3031778464 327 $a -- Resource Track. -- SparkKG-ML: A Library to Facilitate end?to?end Large?scale Machine Learning over Knowledge Graphs in Python. -- KROWN: A Benchmark for RDF Graph Materialisation. -- KGHeartBeat: a Knowledge Graph Quality Assessment Tool. -- InstructIE: A Bilingual Instruction-based Information Extraction Dataset. -- Diachronical geometry without polygons: the extended HHT ontology for heterogeneous geometrical representations. -- CimpleKG: A Continuously Updated Knowledge Graph on Misinformation, Factors and Fact-Checks. -- AutoRDF2GML: Facilitating RDF Integration in Graph Machine Learning. -- SciHyp: A Fine-grained Dataset Describing Hypotheses and Their Components from Scientific Articles. -- The ICS-SEC KG: An Integrated Cybersecurity Resource for Industrial Control Systems. -- Data Privacy Vocabulary (DPV) ? Version 2.0. -- In-Use Track. -- Developing Application Profiles for Enhancing Data and Workflows in Cultural Heritage Digitisation Processes. -- Intelligent Urban Traffic Management via Semantic Interoperability across Multiple Heterogeneous Mobility Data Sources. -- Quality in Color: Using Knowledge Graphs for Enhanced Quality Control in an Automotive Paintshop. -- UFEL: a By-design Understandable and Frugal Entity Linking System for French Microposts. -- Leveraging Knowledge Graphs for Earth System Dataset Discovery. -- Semantic and technically interoperable data exchange in the Flanders Smart Data Space. -- Integrating Large Language Models and Knowledge Graphs for Extraction and Validation of Textual Test Data. -- Increasing the Accuracy of LLM Question-Answering Systems on SQL Databases with Ontologies. 330 $aChapters 10 and 11 are available open access under a Creative Commons Attribution 4.0 International License via link.springer.com. 410 0$aLecture Notes in Computer Science,$x1611-3349 ;$v15233 606 $aDatabase management 606 $aArtificial intelligence 606 $aComputer science 606 $aData structures (Computer science) 606 $aInformation theory 606 $aApplication software 606 $aDatabase Management 606 $aArtificial Intelligence 606 $aTheory of Computation 606 $aData Structures and Information Theory 606 $aComputer and Information Systems Applications 615 0$aDatabase management. 615 0$aArtificial intelligence. 615 0$aComputer science. 615 0$aData structures (Computer science) 615 0$aInformation theory. 615 0$aApplication software. 615 14$aDatabase Management. 615 24$aArtificial Intelligence. 615 24$aTheory of Computation. 615 24$aData Structures and Information Theory. 615 24$aComputer and Information Systems Applications. 676 $a005.74 700 $aDemartini$b Gianluca$01089142 701 $aHose$b Katja$01782741 701 $aAcosta$b Maribel$01354882 701 $aPalmonari$b Matteo$01320691 701 $aCheng$b Gong$01434695 701 $aSkaf-Molli$b Hala$01782742 701 $aFerranti$b Nicolas$01782743 701 $aHerna?ndez$b Daniel$00 701 $aHogan$b Aidan$0883092 801 0$bMiAaPQ 801 1$bMiAaPQ 801 2$bMiAaPQ 906 $aBOOK 912 $a9910983035003321 996 $aThe Semantic Web ? ISWC 2024$94309244 997 $aUNINA LEADER 02453nas 2200721-a 450 001 9910338749403321 005 20260127110401.0 011 $a1875-8983 024 7 $a04760247 035 $a(DE-599)ZDB2187805-5 035 $a(CKB)1000000000018641 035 $a(CONSER)--2006208905 035 $a(DE-599)2187805-5 035 $a(EXLCZ)991000000000018641 100 $a20020926a20019999 --- - 101 0 $aeng 135 $aur|n||||||||| 181 $ctxt$2rdacontent 182 $cc$2rdamedia 183 $acr$2rdacarrier 200 00$aJournal of computational methods in sciences and engineering $eJCMSE 210 $aCambridge $cCambridge International Science Pub.$d2001- 210 3 $aAmsterdam, The Netherlands $cIOS Press 215 $a1 online resource 300 $aRefereed/Peer-reviewed 300 $aTitle from cover. 311 08$aPrint version: Journal of computational methods in sciences and engineering : 1472-7978 (DLC) 2006208905 (OCoLC)50681592 517 3 $aJCMSE 531 $aJ COMPUT METHODS SCI ENG 606 $aMathematics$vPeriodicals 606 $aEngineering mathematics$vPeriodicals 606 $aScience$xMathematics$vPeriodicals 606 $aMathematical physics$vPeriodicals 606 $aMathématiques de l'ingénieur$vPériodiques 606 $aSciences$xMathématiques$vPériodiques 606 $aPhysique mathématique$vPériodiques 606 $aEngineering mathematics$2fast$3(OCoLC)fst00910601 606 $aMathematical physics$2fast$3(OCoLC)fst01012104 606 $aMathematics$2fast$3(OCoLC)fst01012163 606 $aScience$xMathematics$2fast$3(OCoLC)fst01108310 608 $aPeriodicals.$2fast 615 0$aMathematics 615 0$aEngineering mathematics 615 0$aScience$xMathematics 615 0$aMathematical physics 615 6$aMathématiques de l'ingénieur 615 6$aSciences$xMathématiques 615 6$aPhysique mathématique 615 7$aEngineering mathematics. 615 7$aMathematical physics. 615 7$aMathematics. 615 7$aScience$xMathematics. 676 $a515.05 686 $a11$2ssgn 686 $a30.03$2bcl 686 $a50.03$2bcl 686 $a900$2zdbs 686 $aP 44$2blsrissc 906 $aJOURNAL 912 $a9910338749403321 920 $aexl_impl conversion 996 $aJournal of computational methods in sciences and engineering$92193266 997 $aUNINA